Nuevo catálogo de la documentación no incluída en el anterior y de la recibida con posterioridad, referente a la actuación del Cuerpo Facultativo de Archiveros, Bibliotecarios y Arqueólogos y de la sección correspondiente del Ministerio que se custodia en el archivo general del Ministerio de Educación Nacional / (Record no. 123972)

MARC details
000 -LEADER
campo de control de longitud fija 01044nam a2200205 4500
001 - NÚMERO DE CONTROL
campo de control 123972
003 - IDENTIFICADOR DE NÚMERO DE CONTROL
campo de control ES-MaACL
005 - FECHA Y HORA DE LA ÚLTIMA TRANSACCIÓN
campo de control 20250729020315.0
007 - CAMPO FIJO DE DESCRIPCIÓN FÍSICA--INFORMACIÓN GENERAL
campo de control de longitud fija t|
008 - DATOS DE LONGITUD FIJA--INFORMACIÓN GENERAL
campo de control de longitud fija 070214s1963 sp r ||||1| spa d
100 1# - ENTRADA PRINCIPAL--NOMBRE DE PERSONA
Nombre de persona Ramos Ruiz, Carlos.
9 (RLIN) 95355
245 10 - MENCIÓN DEL TÍTULO
Título Nuevo catálogo de la documentación no incluída en el anterior y de la recibida con posterioridad, referente a la actuación del Cuerpo Facultativo de Archiveros, Bibliotecarios y Arqueólogos y de la sección correspondiente del Ministerio que se custodia en el archivo general del Ministerio de Educación Nacional /
Mención de responsabilidad, etc. redactado por Carlos Ramos Ruiz ; prólogo de Miguel Bordonau y Más.
260 ## - PUBLICACIÓN, DISTRIBUCIÓN, ETC.
Lugar de publicación, distribución, etc. Madrid :
Nombre del editor, distribuidor, etc. [s.n.],
Fecha de publicación, distribución, etc. 1963 (
Fabricante Imp. Góngora)
300 ## - DESCRIPCIÓN FÍSICA
Extensión 320 p. ;
Dimensiones 25 cm.
500 ## - NOTA GENERAL
Nota general Precede al Tit : Cuerpo Facultativo de Archiveros, Bibliotecarios y Arqueólogos.
700 1# - ENTRADA AGREGADA--NOMBRE PERSONAL
Nombre de persona Bordonau Mas, Miguel.
9 (RLIN) 30417
710 2# - ENTRADA AGREGADA--NOMBRE DE ENTIDAD CORPORATIVA
Nombre de entidad corporativa o nombre de jurisdicción como elemento de entrada Cuerpo Facultativo de Archiveros, Bibliotecarios y Arqueólogos
9 (RLIN) 3354
852 ## - LOCALIZACIÓN
Ubicación ES-MaACL
Número de control de estantería C-24429
Sublocalización o colección R.53253
Holdings
Estatus retirado Estado de pérdida Estado de daño No para préstamo Biblioteca de origen Biblioteca actual Ubicación en estantería Fecha de adquisición Fuente de adquisición Total de préstamos Signatura topográfica completa Código de barras Visto por última vez Precio de reemplazo Tipo de ítem Koha
        Biblioteca del Ateneo de Madrid Biblioteca del Ateneo de Madrid Depósito 2 17/01/2008     C-24429 1129160 23/02/2023 23/02/2023 Libro impreso